000 00445nam a22001697a 4500
999 _c62535
_d62535
005 20241202172947.0
008 241202s2016 enk||||| |||| 00| 0 eng d
020 _a 9780241250785x
041 _aeng
080 _a005.57:331 K-37
100 _aKerpen, Dave
_923843
245 _aThe Art of People /
_cDave Kerpen.
264 _c2016.
300 _a276 p.
_b20 cm.
653 _aმენეჯმენტი
942 _2udc
_cᲬᲘᲒᲜᲘ